000 00772cam a22002532 4500
001 24157
003 BD-RjUL
005 20211209001021.0
008 140312t1957 nyua 001 0aeng
035 _a(BD-RjUL)24223
040 _aDLC
_cWSU
_dOCL
_dSER
_dOSU
_dBD-RjUL
_dEQO
_beng
041 _aeng
082 0 4 _a928.2
_bTHL 1957
100 1 _aThomas, Dylan,
_d1914-1953.
_974420
245 0 0 _aLetters to Vernon Watkins /
_cEdited with an introd. by Vernon Watkins.
260 _aNew York :
_bDent and sons,
_c1957.
300 _a145 p. :
_billus. ;
_c21 cm.
504 _aincludes index.
600 1 0 _aThomas, Dylan,
_d1914-1953.
_974427
700 1 _aWatkins, Vernon Phillips,
_d1906-1967.
_956063
942 _2ddc
_cBK
999 _c24157
_d24157